Statistics for Name that famous building

Click here to take the quiz!

General Stats

  • This quiz has been taken 80 times
  • The average score is 8 of 15

Answer Stats

Answer% Correct
Eiffel tower
95%
Big Ben
90%
Taj Mahal
90%
Empire State Building
87%
Sydney Opera House
87%
Statue of Liberty
84%
Leaning Tower of Pisa
77%
Colosseum
59%
The White House
59%
Forbidden City
25%
Shanghai Tower
13%
St.Basil Cathedral
8%
The Great Pyramid of Giza
7%
Pearl Tower
5%
UNited State Capital
3%

Score Distribution

Percentile by Number Answered

Percent of People with Each Score

Your Score History

You have not taken this quiz